| 000 | 00498nam a22001457a 4500 | ||
|---|---|---|---|
| 020 | _qHard Cover. | ||
| 040 | _cSINES-NUST. | ||
| 082 |
_a004 _bRAN |
||
| 100 |
_aSadaf Rani. _9112394 |
||
| 245 |
_aCombined Quantum/Classical Studies of the Mechanism of G6PD in the Oxidative Pentose Phosphate Pathway / _cRani, Sadaf |
||
| 260 |
_aIslamabad: _bSINES-NUST, _cMay15, 2023. |
||
| 300 |
_a196 p. : _bill. ; _c40cm. |
||
| 650 |
_xPh. D in Computational Science and Engineering. _995808 |
||
| 942 |
_2ddc _cTHE |
||
| 999 |
_c594779 _d594779 |
||